Countries that begin and end with a vowel - Statistics

General Stats
  • This quiz has been taken 113 times
  • The average score is 15 of 19
Answer Stats
Answer % Correct
Australia
96%
Austria
92%
India
87%
Algeria
86%
Argentina
86%
Angola
85%
Armenia
85%
Albania
84%
Andorra
84%
United States of America
80%
Eritrea
78%
Ethiopia
77%
Uganda
77%
Estonia
76%
Indonesia
76%
Antigua and Barbuda
74%
Ukraine
67%
Eswatini
62%
Equatorial Guinea
52%
No matching quizzes found
Score Distribution
Percent of People with Each Score
Percentile by Number Answered
Your Score History
You have not taken this quiz